Statistiques concernant Drapeaux avec une couleur changée #3

Cliquez ici pour prendre le quiz!

Statistiques générales

  • Ce quiz a été pris 136 fois
  • Le résultat moyen est 10 sur 12

Statistiques - réponses

Réponse% Correct
Macédoine du Nord
95%
Tunisie
94%
Équateur
86%
Thaïlande
86%
Niger
85%
Palaos
79%
Sainte-Lucie
79%
Autriche
77%
Malawi
77%
Île Maurice
70%
Tadjikistan
69%
Timor oriental
66%

Distribution des résultats

Percentile par nombre de réponses

% des personnes avec chaque résultat

Votre développement - résultats

Vous n’avez pas pris ce quiz